Anagrammes arbres fruitiers - Statistiques

Statistiques générales
  • Ce quiz a été pris 298 fois
  • Le résultat moyen est 14 sur 18
Statistiques - réponses
Anagramme Arbre fruitier % Correct
CRIERIES Cerisier
98%
FIGURIE Figuier
98%
RIOPIER Poirier
96%
ROYEN Noyer
94%
PERCHE Pêcher
93%
BERANINA Bananier
92%
RUPINER Prunier
92%
EMPRIMO Pommier
89%
RONGERA Oranger
83%
CORBITAIRE Abricotier
81%
CROCOITE Cocotier
81%
VOILIER Olivier
79%
REMISIER Merisier
75%
MARINADE Amandier
70%
SENIORITE Noisetier
63%
GERANIUM Manguier
61%
RINCERIONT Citronnier
58%
AGRICHAIENT Châtaignier
44%
Aucun quiz correspondant
Distribution des résultats
% des personnes avec chaque résultat
Percentile par nombre de réponses
Votre historique - résultats
Vous n’avez pas pris ce quiz